Renewable energy country attractiveness indices (Record no. 113319)

MARC details
000 -LEADER
fixed length control field 01154cad a22002055a 4500
001 - CONTROL NUMBER
control field L155098
008 - FIXED-LENGTH DATA ELEMENTS--GENERAL INFORMATION
fixed length control field 120229s2012 xxk f 000 0 eng d
035 ## - SYSTEM CONTROL NUMBER
System control number (Sirsi) u155098
041 0# - LANGUAGE CODE
Language code of text/sound track or separate title eng
110 2# - MAIN ENTRY--CORPORATE NAME
Corporate name or jurisdiction name as entry element Ernst & Young
9 (RLIN) 4001
245 00 - TITLE STATEMENT
Title Renewable energy country attractiveness indices
Medium [electronic resource]
260 ## - PUBLICATION, DISTRIBUTION, ETC.
Place of publication, distribution, etc. London
Name of publisher, distributor, etc. Ernst & Young
Date of publication, distribution, etc. 2012
520 ## - SUMMARY, ETC.
Summary, etc. Ernst & Young's latest quarterly renewable energy Country Attractiveness Indices report ranks 40 countries in order of their attractiveness for investment in renewable energy. Reports that this sector will continue to prosper in the emerging markets in 2012 while more established markets face increasing financial constraints, especially within the Eurozone. The UK has climbed a place into fifth position as a result of several large offshore wind projects that are currently in the pipeline .
590 ## - LOCAL NOTE (RLIN)
Local note KA NTK
651 #4 - SUBJECT ADDED ENTRY--GEOGRAPHIC NAME
Geographic name International
690 ## - LOCAL SUBJECT ADDED ENTRY--TOPICAL TERM (OCLC, RLIN)
Topical term or geographic name as entry element Energy
9 (RLIN) 6237
690 ## - LOCAL SUBJECT ADDED ENTRY--TOPICAL TERM (OCLC, RLIN)
Topical term or geographic name as entry element Sustainability
9 (RLIN) 6271
856 40 - ELECTRONIC LOCATION AND ACCESS
Uniform Resource Identifier <a href="https://www.ey.com/Publication/vwLUAssets/CAI_issue_32_Feb_2012/$FILE/CAI_issue_32_Feb_2012.pdf">https://www.ey.com/Publication/vwLUAssets/CAI_issue_32_Feb_2012/$FILE/CAI_issue_32_Feb_2012.pdf</a>
Public note View the item free of charge at www.ey.com
942 ## - ADDED ENTRY ELEMENTS (KOHA)
Suppress in OPAC 0
Holdings
Withdrawn status Lost status Source of classification or shelving scheme Damaged status Not for loan Home library Current library Shelving location Date acquired Total Checkouts Full call number Barcode Date last seen Copy number Price effective from Koha item type
    Dewey Decimal Classification     Virtual Virtual Online 29/02/2012   ONLINE PUBLICATION 155098-2001 06/08/2019 1 06/08/2019 Book